00321nam a2200133Ia 4500008004100000041000800041082001200049100002000061245003000081250000900111260004000120300000900160650001800169240830s2008 xx 000 0 und d ahin a613/SWA aINDRAMOHAN JHA, aSACHITRA YOGASAN DARSHIKA a2 ND aVARANASIbCHAUKHAMBA SANSKRUTc2008 a237p aSWASTHAVRATTA